000
00280nam a22001217a 4500
008
180910b xxu||||| |||| 00| 0 eng d
041
_a
eng
080
_2
8 ed
_a
574
100
_a
9
101
_a
MJE
245
_a
The nature And Properties Soils
_c
Brady.n.c
942
_2
udc
_c
BK
999
_c
47618
_d
47618